| 000 | 00575nam a22001697a 4500 | ||
|---|---|---|---|
| 999 |
_c17656 _d17656 |
||
| 008 | 190517b xxu||||| |||| 00| 0 eng d | ||
| 040 |
_aKABU _cKABU |
||
| 050 |
_aLC1568 _b.G46 2016 c. 1 |
||
| 110 | _aCommission for University Education | ||
| 245 | _aGender and diversity at public Universities in Kenya | ||
| 246 |
_aQuality _bthe agenda |
||
| 260 |
_aNairobi, kenya _bCommission for University Education _c2016 |
||
| 300 | _axiii, 100 p. | ||
| 650 |
_aWomen and education (Higher) _zKenya |
||
| 650 |
_aUniversities and colleges _zKenya |
||
| 942 |
_2lcc _cBK _hLC1568 |
||